[Event "EU-chT Seniors 65"]
[Site "Swidnica"]
[Date "2025.04.10"]
[Round "6.11"]
[White "Vatter, Hans Joachim"]
[Black "Czajkowski, Ryszard"]
[Result "1-0"]
[WhiteElo "2192"]
[BlackElo "1963"]
[PlyCount "57"]
[EventDate "2025.04.05"]
[EventType "team-tourn"]
[EventRounds "9"]
[EventCountry "POL"]
[SourceTitle "CB16_2025"]
[SourceDate "2025.04.16"]
[SourceVersion "1"]
[SourceVersionDate "2025.04.16"]
[SourceQuality "1"]
[WhiteTeam "Zaehringen 65"]
[BlackTeam "Lower Silesia 65"]
[WhiteTeamCountry "GER"]
[BlackTeamCountry "POL"]

1. e4 e6 2. d4 d5 3. e5 Qd7 4. Nf3 b6 5. a4 a5 6. Bb5 c6 7. Bd3 Ba6 8. 0-0 Ne7 9. Na3 Ng6 10. c3 Be7 11. Re1 Bxd3 12. Qxd3 Qb7 13. b3 Qa6 14. c4 Nd7 15. Qc2 Rc8 16. cxd5 cxd5 17. Qd1 0-0 18. Nb5 Nb8 19. h4 Bb4 20. Bd2 Nc6 21. h5 Nge7 22. h6 Ng6 23. hxg7 Kxg7 24. Bg5 Be7 25. Nd6 Rcd8 26. Rc1 Bxg5 27. Nxg5 Nce7 28. Ndxf7 Rc8 29. Qh5 1-0

[Event "EU-chT Seniors 65"]
[Site "Swidnica"]
[Date "2025.04.05"]
[Round "1.3"]
[White "Vatter, Hans Joachim"]
[Black "Hewson, Brian Wr"]
[Result "1/2-1/2"]
[WhiteElo "2192"]
[BlackElo "2066"]
[PlyCount "89"]
[EventDate "2025.04.05"]
[EventType "team-tourn"]
[EventRounds "9"]
[EventCountry "POL"]
[SourceTitle "CB16_2025"]
[SourceDate "2025.04.16"]
[SourceVersion "1"]
[SourceVersionDate "2025.04.16"]
[SourceQuality "1"]
[WhiteTeam "Zaehringen 65"]
[BlackTeam "England 65 II"]
[WhiteTeamCountry "GER"]
[BlackTeamCountry "ENG"]

1. e4 c6 2. d4 d5 3. exd5 cxd5 4. Bd3 Nc6 5. c3 Qc7 6. h3 g6 7. Qc2 Bg7 8. Nf3 Nf6 9. 0-0 0-0 10. Re1 Nh5 11. Be3 Nf4 12. Bf1 Nh5 13. Bd3 Nf4 14. Bf1 Nh5 15. Qb3 Nf6 16. Nbd2 Na5 17. Qd1 b6 18. Ne5 Nd7 19. Nxd7 Bxd7 20. Qf3 Be6 21. Bf4 Qd7 22. Qe3 Nc4 23. Bxc4 dxc4 24. Be5 Rfe8 25. Bxg7 Kxg7 26. Nf3 Bd5 27. Ne5 Qe6 28. Qg3 Qf5 29. Re2 h5 30. f4 Rac8 31. Rae1 Rc7 32. Qf2 e6 33. Re3 Rh8 34. Rg3 Qf6 35. Rg5 Rh6 36. Qe3 Qd8 37. Rg3 Qf6 38. Rf1 Qf5 39. Re1 Qc2 40. Re2 Qb1+ 41. Kh2 Qf5 42. Rg5 Qf6 43. Rf2 Qd8 44. Rg3 Qf6 45. Rg5 1/2-1/2

[Event "Nancy Rapid op 23rd"]
[Site "Nancy"]
[Date "2025.03.02"]
[Round "6"]
[White "Bauer, Christian"]
[Black "Vatter, Hans Joachim"]
[Result "1-0"]
[WhiteElo "2554"]
[BlackElo "2192"]
[PlyCount "73"]
[EventDate "2025.03.02"]
[EventType "swiss (rapid)"]
[EventRounds "9"]
[EventCountry "FRA"]
[SourceTitle "CB10_2025"]
[SourceDate "2025.03.05"]
[SourceVersion "1"]
[SourceVersionDate "2025.03.05"]
[SourceQuality "1"]

1. e4 d5 2. exd5 Qxd5 3. Nc3 Qd6 4. d4 Nf6 5. Nf3 c6 6. Ne5 Nbd7 7. f4 g6 8. g4 Bg7 9. Bg2 Qc7 10. h3 Nb6 11. 0-0 Nbd5 12. Ne2 e6 13. c4 Ne7 14. b3 h5 15. Ba3 hxg4 16. hxg4 Nd7 17. Ng3 f6 18. Ne4 fxe5 19. Nd6+ Kf8 20. fxe5+ Kg8 21. Qf3 Nf5 22. gxf5 gxf5 23. Qg3 Qd8 24. Rf4 Rh6 25. Kf2 c5 26. Rg1 Qf8 27. Bd5 Kh8 28. Bxe6 Nxe5 29. Rxf5 Bxe6 30. Rxf8+ Rxf8+ 31. Ke2 Bg4+ 32. Kd2 Nf3+ 33. Kc2 Nxd4+ 34. Kb1 Rxd6 35. Qxg4 Ne6 36. Bxc5 Rc6 37. Bxf8 1-0

[Event "GER-ch Seniors 65 36th"]
[Site "Bad Wildungen"]
[Date "2024.08.27"]
[Round "5"]
[White "Vatter, Hans Joachim"]
[Black "Zunker, Reinhard"]
[Result "1-0"]
[WhiteElo "2212"]
[BlackElo "2004"]
[PlyCount "35"]
[EventDate "2024.08.25"]
[EventType "swiss"]
[EventRounds "9"]
[EventCountry "GER"]
[SourceTitle "CBM 221 Extra"]
[Source "ChessBase"]
[SourceDate "2024.09.30"]
[SourceVersion "1"]
[SourceVersionDate "2024.09.30"]
[SourceQuality "1"]

1. e4 c5 2. Nf3 e6 3. c3 Nf6 4. d3 Be7 5. g3 Nc6 6. Nbd2 Qc7 7. Bg2 d5 8. 0-0 0-0 9. Re1 b6 10. Qe2 Ba6 11. e5 Nd7 12. h4 Rfe8 13. Nf1 f6 14. exf6 Bxf6 15. Bg5 Nde5 16. Nxe5 Nxe5 17. Bf4 Bxd3 18. Bxe5 1-0

[Event "GER-ch Seniors 65 36th"]
[Site "Bad Wildungen"]
[Date "2024.08.25"]
[Round "2"]
[White "Richter, Rainer"]
[Black "Vatter, Hans Joachim"]
[Result "1/2-1/2"]
[WhiteElo "1991"]
[BlackElo "2212"]
[PlyCount "43"]
[EventDate "2024.08.25"]
[EventType "swiss"]
[EventRounds "9"]
[EventCountry "GER"]
[SourceTitle "CBM 221 Extra"]
[Source "ChessBase"]
[SourceDate "2024.09.30"]
[SourceVersion "1"]
[SourceVersionDate "2024.09.30"]
[SourceQuality "1"]

1. d4 Nf6 2. Nf3 d5 3. Bf4 c5 4. c3 Nc6 5. e3 Qb6 6. Qb3 c4 7. Qxb6 axb6 8. Na3 Ra5 9. Bc7 e6 10. Nc2 Kd7 11. Bg3 b5 12. a3 Ne4 13. Be2 f6 14. Nd2 Nxg3 15. hxg3 Bd6 16. Bf3 h6 17. 0-0 f5 18. g4 g6 19. g3 Ke7 20. gxf5 gxf5 21. Kg2 Bd7 22. Rh1 1/2-1/2

[Event "GER-ch Seniors 65 36th"]
[Site "Bad Wildungen"]
[Date "2024.08.25"]
[Round "3"]
[White "Vatter, Hans Joachim"]
[Black "Szymaniak, Horst"]
[Result "1/2-1/2"]
[WhiteElo "2212"]
[BlackElo "1996"]
[PlyCount "93"]
[EventDate "2024.08.25"]
[EventType "swiss"]
[EventRounds "9"]
[EventCountry "GER"]
[SourceTitle "CBM 221 Extra"]
[Source "ChessBase"]
[SourceDate "2024.09.30"]
[SourceVersion "1"]
[SourceVersionDate "2024.09.30"]
[SourceQuality "1"]

1. e4 c5 2. Nf3 d6 3. d4 cxd4 4. Qxd4 Nc6 5. Bb5 Bd7 6. Bxc6 bxc6 7. c4 Nf6 8. 0-0 g6 9. e5 dxe5 10. Nxe5 Qc7 11. Bf4 Qb7 12. Nc3 Bg7 13. Na4 Bf5 14. Qe3 0-0 15. Bh6 Bxh6 16. Qxh6 Ng4 17. Nxg4 Bxg4 18. Rfe1 Rfe8 19. Re4 f5 20. Re5 Rad8 21. Rae1 Rd1 22. b3 Rxe1+ 23. Rxe1 e5 24. h3 Qb4 25. Rc1 Bh5 26. f3 f4 27. Rd1 a5 28. Qg5 Qe7 29. Qxe7 Rxe7 30. Rd6 e4 31. fxe4 Rxe4 32. Rxc6 Re1+ 33. Kf2 Re2+ 34. Kf1 Rxa2 35. Re6 Kf7 36. Re1 g5 37. Rb1 Bg6 38. Re1 h5 39. Nc3 Rb2 40. Nd5 Rxb3 41. Re7+ Kf8 42. Ra7 Bd3+ 43. Ke1 Bxc4 44. Rxa5 Bxd5 45. Rxd5 Rg3 46. h4 gxh4 47. Rxh5 1/2-1/2

[Event "WchT Seniors 65"]
[Site "Krakow"]
[Date "2024.07.09"]
[Round "7.2"]
[White "Swierczewski, Marek"]
[Black "Vatter, Hans Joachim"]
[Result "0-1"]
[WhiteElo "2059"]
[BlackElo "2214"]
[PlyCount "74"]
[EventDate "2024.07.02"]
[EventType "team-swiss"]
[EventRounds "9"]
[EventCountry "POL"]
[SourceTitle "CBM 221 Extra"]
[Source "ChessBase"]
[SourceDate "2024.09.30"]
[SourceVersion "1"]
[SourceVersionDate "2024.09.30"]
[SourceQuality "1"]
[WhiteTeam "Poland Lower Silesia 65"]
[BlackTeam "Germany Zaehringen 65"]
[WhiteTeamCountry "POL"]
[BlackTeamCountry "GER"]

1. e4 c5 2. Nf3 d6 3. Bb5+ Bd7 4. Bxd7+ Nxd7 5. 0-0 Ngf6 6. Re1 e6 7. c3 Be7 8. d4 0-0 9. e5 Ne8 10. dxc5 Nxc5 11. b4 Nd7 12. exd6 Nxd6 13. Nbd2 Qc7 14. Bb2 Bf6 15. Rc1 Nb6 16. Ne5 Nd5 17. Ndf3 Bxe5 18. Nxe5 Nc4 19. Nxc4 Qxc4 20. Qd2 Rfd8 21. Qe2 Rac8 22. Qxc4 Rxc4 23. Rcd1 Rdc8 24. g3 h6 25. Rd3 Nxc3 26. Rd7 Rxb4 27. Bxc3 Rxc3 28. Red1 Rb2 29. a4 Rf3 30. Rf1 Rfb3 31. h4 g6 32. Kg2 Rb1 33. Rxb1 Rxb1 34. Rc7 a5 35. Rc5 b6 36. Rc7 Kg7 37. Kf3 Rb3+ 0-1

[Event "WchT Seniors 65"]
[Site "Krakow"]
[Date "2024.07.06"]
[Round "5.3"]
[White "Vatter, Hans Joachim"]
[Black "Hewson, Brian Wr"]
[Result "1/2-1/2"]
[WhiteElo "2214"]
[BlackElo "2042"]
[PlyCount "112"]
[EventDate "2024.07.02"]
[EventType "team-swiss"]
[EventRounds "9"]
[EventCountry "POL"]
[SourceTitle "CBM 221 Extra"]
[Source "ChessBase"]
[SourceDate "2024.09.30"]
[SourceVersion "1"]
[SourceVersionDate "2024.09.30"]
[SourceQuality "1"]
[WhiteTeam "Germany Zaehringen 65"]
[BlackTeam "England 65 III"]
[WhiteTeamCountry "GER"]
[BlackTeamCountry "ENG"]

1. e4 c6 2. d4 d5 3. e5 Bf5 4. Nf3 e6 5. Be2 c5 6. Be3 cxd4 7. Nxd4 Ne7 8. 0-0 Nbc6 9. Bb5 Bg6 10. c4 a6 11. Bxc6+ bxc6 12. Qa4 Qd7 13. Na3 Nf5 14. Nxf5 Bxf5 15. c5 Be7 16. Rfd1 Qc7 17. Bd4 0-0 18. Nc2 Bxc2 19. Qxc2 f6 20. f4 f5 21. Rd3 Rfb8 22. Rf1 Rb4 23. b3 Qa7 24. Kh1 a5 25. a3 Rb5 26. Rc3 Rab8 27. h3 Qb7 28. Rff3 g6 29. g4 Rf8 30. g5 Kf7 31. h4 Qb8 32. h5 Rg8 33. Rh3 Bf8 34. hxg6+ hxg6 35. Kg1 Bg7 36. Kf1 Rh8 37. Qd3 Rxh3 38. Qxh3 Qa8 39. Qg2 Rb8 40. Rh3 Qa6+ 41. Qe2 Qa8 42. Ke1 Rb5 43. Kd1 a4 44. b4 Rb8 45. Kd2 Rb5 46. Kc3 Qb8 47. Qh2 Qf8 48. Rh7 Qg8 49. Rh3 Qf8 50. Kb2 Qg8 51. Rc3 Qf8 52. Qe2 Qb8 53. Rh3 Qc8 54. Ka2 Qb8 55. Rc3 Bf8 56. Rh3 Bg7 1/2-1/2

[Event "Oberliga Baden 2324"]
[Site "Germany"]
[Date "2023.10.08"]
[Round "2.7"]
[White "Wielsch, Klaus"]
[Black "Vatter, Hans Joachim"]
[Result "1/2-1/2"]
[WhiteElo "2149"]
[BlackElo "2221"]
[PlyCount "40"]
[EventDate "2023.09.17"]
[EventType "team-tourn"]
[EventRounds "9"]
[EventCountry "GER"]
[SourceTitle "EXT 2025"]
[Source "ChessBase"]
[SourceDate "2024.10.14"]
[SourceVersion "1"]
[SourceVersionDate "2024.10.14"]
[SourceQuality "1"]
[WhiteTeam "Brombach"]
[BlackTeam "Emmendingen"]
[WhiteTeamCountry "GER"]
[BlackTeamCountry "GER"]

1. d4 Nf6 2. c4 e6 3. Nf3 d5 4. Nc3 a6 5. cxd5 exd5 6. Bg5 c6 7. e3 Bf5 8. Bd3 Bxd3 9. Qxd3 Be7 10. 0-0 Nbd7 11. Rfe1 0-0 12. Rad1 Re8 13. Nd2 h6 14. Bxf6 Nxf6 15. e4 dxe4 16. Ndxe4 Bb4 17. a3 Nxe4 18. Rxe4 Bxc3 19. Rxe8+ Qxe8 20. bxc3 Qe7 1/2-1/2

[Event "WchT Seniors 65"]
[Site "Struga"]
[Date "2023.09.19"]
[Round "1.3"]
[White "Valentine, Brian J"]
[Black "Vatter, Hans Joachim"]
[Result "0-1"]
[WhiteElo "1907"]
[BlackElo "2221"]
[PlyCount "112"]
[EventDate "2023.09.19"]
[EventType "team-swiss"]
[EventRounds "9"]
[EventCountry "MKD"]
[SourceTitle "CBM 216 Extra"]
[Source "ChessBase"]
[SourceDate "2023.11.30"]
[SourceVersion "1"]
[SourceVersionDate "2023.11.30"]
[SourceQuality "1"]
[WhiteTeam "England 65 II"]
[BlackTeam "Germany 65"]
[WhiteTeamCountry "ENG"]
[BlackTeamCountry "GER"]

1. e4 e6 2. d4 d5 3. Nc3 Bb4 4. e5 Qd7 5. a3 Bxc3+ 6. bxc3 b6 7. Qg4 f5 8. Qh5+ Qf7 9. Bb5+ Bd7 10. Qxf7+ Kxf7 11. Be2 Ba4 12. Ra2 Nc6 13. h4 Nge7 14. Nh3 h6 15. h5 a6 16. Nf4 Rhc8 17. g4 Rf8 18. Rg1 fxg4 19. Bxg4 Nd8 20. Rg3 Bd7 21. c4 dxc4 22. d5 c6 23. dxe6+ Bxe6 24. Nxe6 Nxe6 25. Rf3+ Ke8 26. Rc3 Nd4 27. Rxc4 Nf3+ 28. Bxf3 Rxf3 29. Rg4 Kf7 30. Rf4+ Rxf4 31. Bxf4 Ke6 32. c4 Rf8 33. Be3 Rf5 34. f4 Rxh5 35. Rg2 g5 36. fxg5 hxg5 37. Bxg5 Ng6 38. Bd8 Nxe5 39. Bxb6 Nxc4 40. Bc7 Nxa3 41. Ra2 Rh3 42. Kf2 Rc3 43. Ke1 c5 44. Kd1 Kd5 45. Ba5 Rh3 46. Rg2 Kc4 47. Rg6 Kb5 48. Bc7 Nc4 49. Kc2 a5 50. Rg8 a4 51. Rb8+ Kc6 52. Bf4 Rf3 53. Bh6 Nb6 54. Bg7 Nd5 55. Be5 Nb4+ 56. Kb1 Rb3+ 0-1

[Event "Oberliga Baden 2324"]
[Site "Germany"]
[Date "2023.09.17"]
[Round "1.6"]
[White "Vatter, Hans Joachim"]
[Black "Dobrocmyslov, Artem"]
[Result "0-1"]
[WhiteElo "2221"]
[BlackElo "2308"]
[PlyCount "82"]
[EventDate "2023.09.17"]
[EventType "team-tourn"]
[EventRounds "9"]
[EventCountry "GER"]
[SourceTitle "EXT 2025"]
[Source "ChessBase"]
[SourceDate "2024.10.14"]
[SourceVersion "1"]
[SourceVersionDate "2024.10.14"]
[SourceQuality "1"]
[WhiteTeam "Emmendingen"]
[BlackTeam "Baden-Baden III"]
[WhiteTeamCountry "GER"]
[BlackTeamCountry "GER"]

1. e4 e6 2. d4 d5 3. e5 c5 4. c3 Nc6 5. Nf3 Bd7 6. Be2 Nge7 7. Na3 cxd4 8. cxd4 Rc8 9. Nc2 Nf5 10. 0-0 Qb6 11. b3 Nb4 12. Nxb4 Bxb4 13. Bb2 0-0 14. Bd3 Bb5 15. Qe2 Bxd3 16. Qxd3 Qa5 17. a3 Bc3 18. b4 Qa6 19. Qb1 Qe2 20. Ra2 Qe4 21. Qd1 Bxb2 22. Rxb2 Rc3 23. Re1 Qd3 24. Rd2 Qb5 25. Qa1 Rfc8 26. h3 Qa4 27. Ra2 Rd3 28. Kh2 Rc4 29. Rc1 Qc6 30. Rd1 Rcc3 31. Rxd3 Rxd3 32. Qb1 Qc4 33. Rc2 Rc3 34. Rxc3 Qxc3 35. a4 Nxd4 36. Nxd4 Qxd4 37. Qe1 Qc4 38. g3 d4 39. a5 d3 40. Qe3 Qd5 41. Qxa7 Qd8 0-1

[Event "EU-chT Seniors 65"]
[Site "Swidnica"]
[Date "2023.07.13"]
[Round "2.3"]
[White "Bachmann, Andreas"]
[Black "Vatter, Hans Joachim"]
[Result "1/2-1/2"]
[WhiteElo "2189"]
[BlackElo "2223"]
[PlyCount "46"]
[EventDate "2023.07.12"]
[EventType "team-swiss"]
[EventRounds "9"]
[EventCountry "POL"]
[SourceTitle "CBM 215 Extra"]
[Source "ChessBase"]
[SourceDate "2023.09.30"]
[SourceVersion "1"]
[SourceVersionDate "2023.09.30"]
[SourceQuality "1"]
[WhiteTeam "Kreuzberg 65   "]
[BlackTeam "Germany 65  "]
[WhiteTeamCountry "GER"]
[BlackTeamCountry "GER"]

1. d4 Nf6 2. c4 e6 3. g3 d5 4. Nf3 dxc4 5. Qa4+ Nbd7 6. Bg2 a6 7. Qxc4 b5 8. Qc2 Bb7 9. Nc3 c5 10. 0-0 cxd4 11. Nxd4 Bxg2 12. Kxg2 Bc5 13. Nb3 Be7 14. Bf4 0-0 15. Rac1 Rc8 16. Qb1 Qb6 17. Kg1 Bb4 18. Ne4 Nd5 19. Bd2 Bxd2 20. Nbxd2 h6 21. Nf3 f5 22. Ned2 N7f6 23. Qd3 Rfd8 1/2-1/2

[Event "EU-chT Seniors 65"]
[Site "Swidnica"]
[Date "2023.07.12"]
[Round "1.3"]
[White "Vatter, Hans Joachim"]
[Black "Wood, Peter R"]
[Result "1-0"]
[WhiteElo "2223"]
[BlackElo "1944"]
[PlyCount "137"]
[EventDate "2023.07.12"]
[EventType "team-swiss"]
[EventRounds "9"]
[EventCountry "POL"]
[SourceTitle "CBM 215 Extra"]
[Source "ChessBase"]
[SourceDate "2023.09.30"]
[SourceVersion "1"]
[SourceVersionDate "2023.09.30"]
[SourceQuality "1"]
[WhiteTeam "Germany 65  "]
[BlackTeam "England 65 II"]
[WhiteTeamCountry "GER"]
[BlackTeamCountry "ENG"]

1. e4 e6 2. d4 d5 3. e5 c5 4. c3 Nc6 5. Nf3 Bd7 6. a3 c4 7. Bf4 Na5 8. Nbd2 Rc8 9. h4 Ne7 10. h5 h6 11. Be2 g5 12. Be3 Nf5 13. Nh2 Bg7 14. Bg4 0-0 15. Bxf5 exf5 16. f4 g4 17. Nhf1 Qb6 18. Qc2 f6 19. Bf2 Qc6 20. Ne3 fxe5 21. dxe5 Be6 22. Nef1 b6 23. Bd4 Nb7 24. Ng3 Nc5 25. 0-0 Rf7 26. Rad1 Bf8 27. Be3 Qa4 28. Qxa4 Nxa4 29. Rb1 Rd7 30. Ne2 Nc5 31. Nd4 Kf7 32. Rfd1 Ne4 33. Nxe4 dxe4 34. Kf2 Rcd8 35. Ke2 Bc5 36. Nc2 Rxd1 37. Rxd1 Rxd1 38. Kxd1 Be7 39. Nd4 Bc5 40. Nc2 Be7 41. Ke2 Ke8 42. Nd4 Kd7 43. Bf2 Bd8 44. Ke3 a6 45. Nxe6 Kxe6 46. Kd4 Be7 47. Kxc4 Bd8 48. a4 Bc7 49. Bd4 Bd8 50. b4 Bc7 51. Bf2 Bd8 52. Bg3 Be7 53. Kd4 Bd8 54. c4 Be7 55. c5 bxc5+ 56. bxc5 e3 57. Kc4 e2 58. Be1 Bd8 59. a5 Bc7 60. c6 Bb8 61. Kc5 Ba7+ 62. Kc4 Bb8 63. Bb4 Bc7 64. Kd4 Bd8 65. Kd3 Kd5 66. Kxe2 Kxc6 67. Bf8 Bxa5 68. Bxh6 Kd5 69. Bf8 1-0

[Event "EU-chT Seniors 65"]
[Site "Dresden"]
[Date "2022.11.03"]
[Round "8.4"]
[White "Koehler, Gerhard"]
[Black "Vatter, Hans Joachim"]
[Result "1/2-1/2"]
[WhiteElo "2182"]
[BlackElo "2220"]
[PlyCount "130"]
[EventDate "2022.10.27"]
[EventType "team-swiss"]
[EventRounds "9"]
[EventCountry "GER"]
[SourceTitle "EXT 2024"]
[Source "ChessBase"]
[SourceDate "2023.10.10"]
[SourceVersion "1"]
[SourceVersionDate "2023.10.10"]
[SourceQuality "1"]
[WhiteTeam "Lasker Schachstiftung 65"]
[BlackTeam "Germany 65 III"]
[WhiteTeamCountry "GER"]
[BlackTeamCountry "GER"]

1. c4 Nf6 2. Nc3 e6 3. Nf3 d5 4. e3 a6 5. d4 c5 6. cxd5 exd5 7. Be2 Nc6 8. Ne5 Bd6 9. Nxc6 bxc6 10. dxc5 Bxc5 11. 0-0 0-0 12. b3 Re8 13. Bb2 Qd6 14. Bf3 Ba7 15. Ne2 Ne4 16. Nf4 Ng5 17. Bg4 f5 18. Be2 Bd7 19. g3 Ne4 20. Rc1 Re7 21. b4 Rb8 22. a3 Ra8 23. Bd4 Be8 24. Qd3 g5 25. Ng2 Bxd4 26. Qxd4 a5 27. f3 Nf6 28. Bd3 axb4 29. axb4 Rb7 30. b5 cxb5 31. Bxf5 b4 32. e4 Qb6 33. Qxb6 Rxb6 34. exd5 Nxd5 35. Be4 Rd8 36. Rfd1 Rbd6 37. Rb1 Bc6 38. Rd4 Nc3 39. Rxd6 Rxd6 40. Rxb4 Bxe4 41. fxe4 Rd1+ 42. Kf2 Rd2+ 43. Kf1 Kf7 44. Rc4 Nb5 45. Rc5 Nd4 46. Rxg5 Rd1+ 47. Kf2 Rd2+ 48. Ke3 Rxg2 49. Kxd4 Rxh2 50. Ke5 h5 51. Rf5+ Ke7 52. Rg5 Kf7 53. Kf4 h4 54. gxh4 Rxh4+ 55. Ke5 Rh6 56. Kd5 Ra6 57. Rf5+ Ke7 58. Kd4 Ra1 59. Rb5 Rh1 60. Rb6 Rh5 61. Ra6 Rg5 62. Rh6 Ra5 63. e5 Ra1 64. Rd6 Rd1+ 65. Kc5 Rc1+ 1/2-1/2

[Event "GER-ch Seniors 65 34th"]
[Site "Magdeburg"]
[Date "2022.08.18"]
[Round "7"]
[White "Vatter, Hans Joachim"]
[Black "Pruefer, Friedbert"]
[Result "1/2-1/2"]
[WhiteElo "2186"]
[BlackElo "2274"]
[PlyCount "27"]
[EventDate "2022.08.12"]
[EventType "swiss"]
[EventRounds "9"]
[EventCountry "GER"]
[SourceTitle "CBM 209 Extra"]
[Source "ChessBase"]
[SourceDate "2022.09.30"]
[SourceVersion "1"]
[SourceVersionDate "2022.09.30"]
[SourceQuality "1"]

1. e4 Nc6 2. Nf3 d6 3. d4 Nf6 4. Nc3 g6 5. h3 Bg7 6. Be3 a6 7. Qd2 0-0 8. Bh6 b5 9. a3 Bb7 10. Bd3 e5 11. d5 Ne7 12. a4 c6 13. dxc6 Bxc6 14. Bxg7 1/2-1/2

[Event "GER-ch Seniors 65 34th"]
[Site "Magdeburg"]
[Date "2022.08.15"]
[Round "4"]
[White "Waagener, Ulrich"]
[Black "Vatter, Hans Joachim"]
[Result "1/2-1/2"]
[WhiteElo "2114"]
[BlackElo "2186"]
[PlyCount "20"]
[EventDate "2022.08.12"]
[EventType "swiss"]
[EventRounds "9"]
[EventCountry "GER"]
[SourceTitle "CBM 209 Extra"]
[Source "ChessBase"]
[SourceDate "2022.09.30"]
[SourceVersion "1"]
[SourceVersionDate "2022.09.30"]
[SourceQuality "1"]

1. e4 e6 2. d4 d5 3. Nc3 Nf6 4. exd5 exd5 5. Bg5 Be7 6. Qd2 Bf5 7. f3 c6 8. 0-0-0 h6 9. Bf4 h5 10. Bd3 Bxd3 1/2-1/2

[Event "GER-ch Seniors 65 34th"]
[Site "Magdeburg"]
[Date "2022.08.14"]
[Round "3"]
[White "Vatter, Hans Joachim"]
[Black "Westermann, Johannes"]
[Result "1-0"]
[WhiteElo "2186"]
[BlackElo "2056"]
[PlyCount "49"]
[EventDate "2022.08.12"]
[EventType "swiss"]
[EventRounds "9"]
[EventCountry "GER"]
[SourceTitle "CBM 209 Extra"]
[Source "ChessBase"]
[SourceDate "2022.09.30"]
[SourceVersion "1"]
[SourceVersionDate "2022.09.30"]
[SourceQuality "1"]

1. e4 e5 2. Nf3 Nc6 3. Bc4 Nf6 4. Ng5 d5 5. exd5 Na5 6. Bb5+ c6 7. dxc6 bxc6 8. Bd3 Bg4 9. f3 Bh5 10. Nc3 Bc5 11. Nge4 Bb6 12. Nxf6+ Qxf6 13. Qe2 0-0 14. Ne4 Qh4+ 15. g3 Qe7 16. g4 Bg6 17. Ng3 Qh4 18. b3 Bxd3 19. Qxd3 e4 20. fxe4 Bf2+ 21. Kxf2 Qf6+ 22. Kg2 Qxa1 23. Ba3 Qxa2 24. Bxf8 Rxf8 25. Qc3 1-0

[Event "GER-ch Seniors 65 34th"]
[Site "Magdeburg"]
[Date "2022.08.12"]
[Round "1"]
[White "Vatter, Hans Joachim"]
[Black "Andrijenko, Anatoliy"]
[Result "1-0"]
[WhiteElo "2186"]
[BlackElo "1822"]
[PlyCount "95"]
[EventDate "2022.08.12"]
[EventType "swiss"]
[EventRounds "9"]
[EventCountry "GER"]
[SourceTitle "CBM 209 Extra"]
[Source "ChessBase"]
[SourceDate "2022.09.30"]
[SourceVersion "1"]
[SourceVersionDate "2022.09.30"]
[SourceQuality "1"]

1. d4 Nf6 2. c4 g6 3. Nc3 d5 4. Bf4 c6 5. e3 Bg7 6. h3 h5 7. Nf3 Bf5 8. Qb3 b6 9. cxd5 Nxd5 10. Nxd5 Qxd5 11. Qxd5 cxd5 12. Rc1 0-0 13. Kd2 Nd7 14. Ba6 Nf6 15. Bb7 Ne4+ 16. Ke2 Bc8 17. Bxa8 Ba6+ 18. Ke1 Rxa8 19. Nd2 g5 20. Bh2 f6 21. f3 Nxd2 22. Kxd2 e5 23. Rc7 Bf8 24. dxe5 Bb4+ 25. Kc1 Bc5 26. Re1 f5 27. Kc2 Rc8 28. Rxc8+ Bxc8 29. f4 g4 30. Bg3 Kf7 31. Bf2 Be7 32. a3 h4 33. Rc1 Bd7 34. Be1 Bc5 35. Kd2 d4 36. exd4 Bxd4 37. Bxh4 gxh3 38. gxh3 Bxb2 39. Rc7 Ke6 40. Rxa7 Bc6 41. Bf6 Bd4 42. h4 Kd5 43. h5 Ke4 44. h6 Be3+ 45. Kc2 Bb5 46. h7 Bd3+ 47. Kb3 b5 48. h8Q 1-0